Chinese capitalisms : historical emergence and political implications (Record no. 128588)

MARC details
000 -LEADER
fixed length control field 00742nam a2200217Ia 4500
008 - FIXED-LENGTH DATA ELEMENTS--GENERAL INFORMATION
fixed length control field 191130s2010##################000#0#eng##
020 ## - INTERNATIONAL STANDARD BOOK NUMBER
ISBN 9780230576490
082 ## - DEWEY DECIMAL CLASSIFICATION NUMBER
Classification number 330.1220951 CHU
245 ## - TITLE STATEMENT
Title Chinese capitalisms : historical emergence and political implications
Statement of responsibility, etc edited by Yin-wah Chu
260 ## - PUBLICATION, DISTRIBUTION, ETC. (IMPRINT)
Place of publication Houndmills, Basingstoke, Hampshire ; New York, N.Y
Name of publisher Palgrave Macmillan
Year of publication c2010
300 ## - PHYSICAL DESCRIPTION
Number of Pages xiv, 248 p
500 ## - GENERAL NOTE
General note Includes bibliographical references and index
650 ## - SUBJECT ADDED ENTRY--TOPICAL TERM
Topical Term Capitalism -- China
Topical Term Capitalism -- Political aspects -- China
Topical Term Capitalism -- Taiwan
700 ## - ADDED ENTRY--PERSONAL NAME
Personal name Chu, Yin-wah
991 ## -
-- 38984
Holdings
Withdrawn status Lost status Damaged status Not for loan Home library Current library Shelving location Date acquired Full call number Accession Number Price effective from Koha item type
        Anna Centenary Library Anna Centenary Library 4TH FLOOR, A WING 12.10.2020 330.1220951 CHU 309231 12.10.2020 English Books

Find us on the map